| 000 | 00469cam a2200193ua 4500 | ||
|---|---|---|---|
| 020 | _c2.00 | ||
| 041 |
_aeng _h |
||
| 082 |
_a539.72 _bFRI/EL |
||
| 100 | _aFrisch, David H . | ||
| 245 |
_aElementary particles / _cDavid H Frisch. _hTextual Documents |
||
| 250 |
_a1 / _b. |
||
| 260 |
_aToronto : _bD Van nostrand co , _c1966. |
||
| 300 | _a153 ; . | ||
| 365 | _a2.00 | ||
| 504 | _a | ||
| 700 | 1 | _aThorndike, Alan M . | |
| 942 | _cBK | ||
| 999 |
_c9069 _d9069 |
||